<?xml version="1.0" encoding="UTF-8"?>
<collection xmlns="http://www.loc.gov/MARC21/slim">
 <record>
  <leader>00758cam a2200217 7i4500</leader>
  <controlfield tag="001">0000069198</controlfield>
  <controlfield tag="005">20140611090000.0</controlfield>
  <controlfield tag="008">091109s2006    my                  may   </controlfield>
  <datafield tag="020" ind1="#" ind2="0">
   <subfield code="a">9831920066 (pbk.) </subfield>
  </datafield>
  <datafield tag="020" ind1="#" ind2="0">
   <subfield code="a">9789831920060 </subfield>
  </datafield>
  <datafield tag="090" ind1="0" ind2="0">
   <subfield code="a">BP 1337.7 .M84 </subfield>
   <subfield code="b">Z8 2006</subfield>
  </datafield>
  <datafield tag="100" ind1="0" ind2="#">
   <subfield code="a">Zulkifli Mohd. Yusoff </subfield>
  </datafield>
  <datafield tag="245" ind1="1" ind2="0">
   <subfield code="a">Biografi Muhammad Bin Abdullah  </subfield>
   <subfield code="c">Zulkifli Mohd Yusoff, Noor Naemah Abd. Rahman.</subfield>
  </datafield>
  <datafield tag="260" ind1="#" ind2="#">
   <subfield code="a">Selangor: </subfield>
   <subfield code="b">PTS Islamika, </subfield>
   <subfield code="c">2006.</subfield>
  </datafield>
  <datafield tag="300" ind1="#" ind2="#">
   <subfield code="a">x, 481 p.: </subfield>
   <subfield code="b">maps; </subfield>
   <subfield code="c">23 cm..</subfield>
  </datafield>
  <datafield tag="590" ind1="#" ind2="#">
   <subfield code="a">Pusat Pendidikan Asas dan Liberal</subfield>
  </datafield>
  <datafield tag="600" ind1="0" ind2="0">
   <subfield code="a">Muhammad, </subfield>
   <subfield code="c">Prophet, </subfield>
   <subfield code="d">. 632</subfield>
  </datafield>
  <datafield tag="600" ind1="0" ind2="0">
   <subfield code="a">Muhammad, </subfield>
   <subfield code="c">Prophet, </subfield>
   <subfield code="d">. 632</subfield>
  </datafield>
  <datafield tag="600" ind1="0" ind2="0">
   <subfield code="a">Muhammad, </subfield>
   <subfield code="c">Prophet, </subfield>
   <subfield code="d">. 632</subfield>
  </datafield>
  <datafield tag="700" ind1="0" ind2="1">
   <subfield code="a">Noor Naemah Abd. Rahman </subfield>
  </datafield>
  <datafield tag="999" ind1=" " ind2=" ">
   <subfield code="a">1100064546</subfield>
   <subfield code="b">Book</subfield>
   <subfield code="c">Open Shelf</subfield>
   <subfield code="e">KOLEKSI TERBUKA</subfield>
  </datafield>
 </record>
</collection>
